Famous People From West Virginia by Picture - Statistics

General Stats
  • This quiz has been taken 18 times
  • The average score is 3 of 16
Answer Stats
Picture Hint Answer % Correct
Welch Steve Harvey
94%
Cheylan Jerry West
47%
Fairmont Nick Saban
29%
Rand Randy Moss
29%
Morgantown Don Knotts
24%
Glen Dale Brad Paisley
18%
Myra Chuck Yeager
12%
Fairmont Mary Lou Retton
12%
White Sulphur Springs Katherine Johnson
6%
Webster Anna Jarvis
0%
Wheeling Chuck Howley
0%
Clarksburg Cyrus Vance
0%
Ivydale Harry R. Truman
0%
Charleston Jon McBride
0%
Hillsboro Pearl S. Buck
0%
Wheeling Virginia Fox
0%
No matching quizzes found
Score Distribution
Percent of People with Each Score
Percentile by Number Answered
Your Score History
You have not taken this quiz